[Event "Freytag Checkmate Open"]
[Site "Adelaide"]
[Date "2008.07.06"]
[Round "5"]
[White "Rujevic, Mirko"]
[Black "Chapman, Mark"]
[Result "1-0"]
[PlyCount "52"]
[WhiteElo "2207"]
[BlackElo "2303"]

1. e4 e5 2. Nf3 Nc6 3. Bb5 a6 4. Ba4 Nf6 5. O-O Nxe4 6. d4 b5 7. Bb3 d5 8. dxe5
Be6 9. c3 Bc5 10. a4 b4 11. cxb4 Nxb4 12. Nc3 O-O 13. Qe2 Bf5 14. Bf4 Rb8 15.
Rad1 Nxc3 16. bxc3 Nd3 17. Bg5 f6 18. exf6 gxf6 19. Nh4 Rb6 20. Nxf5 Nxf2 21.
Be3 Bxe3 22. Qxe3 Nxd1 23. Qg3+ Kf7 24. Qg7+ Ke6 25. Nd4+ Kd6 26. Qg3+ Kd7 1-0

[Event "Freytag Checkmate Open"]
[Site "Adelaide"]
[Date "2008.07.06"]
[Round "5"]
[White "Oliver, Tamzin"]
[Black "Milton, Anthony W"]
[Result "1/2-1/2"]
[PlyCount "49"]
[WhiteElo "1445"]
[BlackElo "1548"]

1. e4 c5 2. Nc3 d6 3. f4 Nc6 4. Nf3 Nf6 5. Bc4 a6 6. a4 g6 7. O-O Bg7 8. d3 O-O
9. h3 e6 10. Bb3 Rb8 11. Qe1 b5 12. axb5 axb5 13. Qf2 Na5 14. e5 dxe5 15. fxe5
Nd7 16. Bg5 Qc7 17. Be7 Nxb3 18. cxb3 Nxe5 19. Bxf8 Nxf3+ 20. Qxf3 Bd4+ 21. Kh1
Kxf8 22. Rab1 f5 23. Qe2 e5 24. Ne4 Bb7 25. Ng5 1/2-1/2

[Event "Freytag Checkmate Open"]
[Site "Adelaide"]
[Date "2008.07.06"]
[Round "5"]
[White "Oliver, Shannon"]
[Black "Freytag, Justin"]
[Result "1/2-1/2"]
[PlyCount "46"]
[WhiteElo "1799"]
[BlackElo "2073"]

1. e4 c5 2. Nf3 Nc6 3. d4 cxd4 4. Nxd4 Nf6 5. Nc3 e6 6. Bc4 Qc7 7. a3 a6 8. Bb3
b5 9. Be3 Bb7 10. f3 Be7 11. O-O O-O 12. Nxc6 dxc6 13. Qe2 c5 14. Rad1 Rfd8 15.
Rxd8+ Rxd8 16. Rd1 h6 17. Rxd8+ Bxd8 18. Qd2 c4 19. Ba2 Be7 20. Ne2 Nd7 21. Ng3
Bd6 22. Bf2 Nc5 23. b4 Nd7 1/2-1/2

[Event "Freytag Checkmate Open"]
[Site "Adelaide"]
[Date "2008.07.06"]
[Round "5"]
[White "Oliver, Gareth"]
[Black "Hams, Jeffrey"]
[Result "1-0"]
[PlyCount "80"]
[WhiteElo "2160"]
[BlackElo "1769"]

1. d4 d5 2. c4 c6 3. e3 Nf6 4. Nf3 a6 5. Qc2 b5 6. c5 Bg4 7. Ne5 Bh5 8. a4 b4
9. a5 Qc7 10. Qa4 Nfd7 11. Nd3 e5 12. Qxb4 exd4 13. exd4 Be7 14. Bf4 Qc8 15.
Nc3 O-O 16. f3 Re8 17. O-O-O Ra7 18. Na4 Rb7 19. Nb6 Qd8 20. Qd2 Nf8 21. Nb4
Ne6 22. Be3 Nc7 23. Bd3 Bf6 24. Kb1 Nb5 25. Bc2 Rbe7 26. Rhe1 Bxd4 27. Bxd4
Rxe1 28. Rxe1 Rxe1+ 29. Qxe1 Nxd4 30. Qe5 Nxc2 31. Kxc2 Bg6+ 32. Kd2 h6 33. f4
Kh7 34. g3 Qf6 35. Qxf6 gxf6 36. Ke3 Bf5 37. Na8 Kg7 38. Nc7 Bc8 39. Ne8+ Kg6
40. Nd6 Bd7 1-0

[Event "Freytag Checkmate Open"]
[Site "Adelaide"]
[Date "2008.07.06"]
[Round "5"]
[White "Lojanica, Milenko"]
[Black "Stojic, Svetozar"]
[Result "1-0"]
[PlyCount "73"]
[WhiteElo "2016"]
[BlackElo "1836"]

1. e4 c5 2. Nf3 Nf6 3. e5 Nd5 4. c4 Nc7 5. Nc3 Nc6 6. b3 g6 7. Bb2 Bg7 8. Ne4
Ne6 9. Qe2 O-O 10. O-O-O Qc7 11. Ng3 Ned4 12. Nxd4 Nxd4 13. Bxd4 cxd4 14. f4 b5
15. Kb1 b4 16. d3 a5 17. Rd2 a4 18. Rb2 Bb7 19. Ne4 d5 20. Nd2 Ra6 21. h4 Rfa8
22. Rh3 axb3 23. Nxb3 dxc4 24. dxc4 f5 25. Qc2 Be4 26. Bd3 Qa7 27. c5 Bd5 28.
Bc4 Bxc4 29. Qxc4+ Kh8 30. Nxd4 Ra3 31. Rxa3 Qxa3 32. Qb3 Qa6 33. Qf3 Rc8 34.
c6 Qb6 35. Qd3 Rd8 36. Rd2 e6 37. Qc4 1-0

[Event "Freytag Checkmate Open"]
[Site "Adelaide"]
[Date "2008.07.06"]
[Round "5"]
[White "Johansen, Darryl K"]
[Black "West, Guy"]
[Result "1-0"]
[PlyCount "65"]
[WhiteElo "2423"]
[BlackElo "2310"]

1. Nf3 f5 2. b3 d6 3. d4 Nf6 4. Bb2 g6 5. Nbd2 Bg7 6. g3 O-O 7. Bg2 Nc6 8. O-O
e5 9. dxe5 Ng4 10. Nc4 Ngxe5 11. Nfxe5 Nxe5 12. Nxe5 dxe5 13. Ba3 Re8 14. Bd5+
Kh8 15. Bf7 Bd7 16. Bxe8 Qxe8 17. Qd2 Bc6 18. Rad1 h6 19. Qb4 Qe6 20. Bb2 g5
21. f3 Kh7 22. Qa5 Qe7 23. e4 fxe4 24. fxe4 Bxe4 25. Rde1 b6 26. Qb5 c6 27. Qe2
Bg6 28. Bxe5 Qc5+ 29. Qf2 Qxf2+ 30. Rxf2 Bf8 31. Bd4 Ba3 32. c3 h5 33. Re6 1-0

[Event "Freytag Checkmate Open"]
[Site "Adelaide"]
[Date "2008.07.06"]
[Round "5"]
[White "Jackson, Ralph E"]
[Black "Stojic, Dusan"]
[Result "0-1"]
[PlyCount "62"]
[WhiteElo "2142"]
[BlackElo "1899"]

1. Nf3 c5 2. g3 Nc6 3. Bg2 g6 4. O-O Bg7 5. c4 e5 6. Nc3 Nge7 7. d3 d6 8. a3
O-O 9. Rb1 a5 10. Nb5 d5 11. cxd5 Nxd5 12. Qc2 b6 13. Ng5 Nd4 14. Nxd4 exd4 15.
b4 cxb4 16. axb4 axb4 17. Qb3 Bb7 18. Nh3 Qd7 19. Nf4 Nc3 20. Bxb7 Qxb7 21. Rb2
Ra4 22. Rc2 Rfa8 23. e4 dxe3 24. fxe3 Ra2 25. Rxa2 Rxa2 26. Bb2 Ne2+ 27. Nxe2
Rxb2 28. Qd1 b3 29. d4 Qe4 30. Kf2 Bh6 31. Qc1 Rc2 0-1

[Event "Freytag Checkmate Open"]
[Site "Adelaide"]
[Date "2008.07.06"]
[Round "5"]
[White "Hu, Jason"]
[Black "Brown, Andrew"]
[Result "1-0"]
[PlyCount "62"]
[WhiteElo "2141"]
[BlackElo "1925"]

1. c4 c5 2. Nf3 Nc6 3. e3 e6 4. d4 d5 5. Nc3 Nf6 6. a3 dxc4 7. Bxc4 cxd4 8.
exd4 Be7 9. O-O O-O 10. Qd3 a6 11. Bf4 b5 12. Bb3 b4 13. Ne4 a5 14. Rfd1 Ba6
15. Nxf6+ Bxf6 16. Qe4 bxa3 17. Qxc6 axb2 18. Rab1 Be2 19. Rd2 Rc8 20. Qe4 Bxf3
21. gxf3 Rc1+ 22. Kg2 a4 23. Bxa4 Rxb1 24. Qxb1 Qa5 25. Bc2 Bg5 26. Bxh7+ Kh8
27. Rxb2 Bxf4 28. Rb5 Qd2 29. Rh5 Bh6 30. Qd3 Qc1 31. Be4 f5 1-0

[Event "Freytag Checkmate Open"]
[Site "Adelaide"]
[Date "2008.07.06"]
[Round "5"]
[White "Hoff, Michael"]
[Black "Nguyen, Thu Giang"]
[Result "1-0"]
[PlyCount "83"]
[WhiteElo "1840"]
[BlackElo "2121"]

1. e4 Nf6 2. e5 Nd5 3. Nc3 Nb6 4. d4 d6 5. f4 g6 6. Nf3 Bg4 7. Be2 dxe5 8. Nxe5
Bxe2 9. Qxe2 Bg7 10. Be3 c6 11. O-O-O Nd5 12. Ne4 Qa5 13. a3 b5 14. Bd2 Qb6 15.
Nxf7 O-O 16. Nfg5 Qxd4 17. c3 Qb6 18. Ne6 Nd7 19. Nxg7 Kxg7 20. Ng5 Rf6 21.
Ne6+ Kf7 22. f5 Nc5 23. fxg6+ hxg6 24. Nxc5 Qxc5 25. Rhf1 a5 26. Rde1 Qd6 27.
Bg5 Rxf1 28. Rxf1+ Kg7 29. Qf2 Nf6 30. Re1 Nd5 31. Qh4 Rh8 32. Qe4 Kg8 33. h4
Rh7 34. Rf1 e5 35. Qg4 Rd7 36. h5 Nxc3 37. Qf3 Nd5 38. hxg6 Rg7 39. Bh6 Rxg6
40. Qf7+ Kh8 41. Bg7+ Kh7 42. Bxe5+ 1-0

[Event "Freytag Checkmate Open"]
[Site "Adelaide"]
[Date "2008.07.06"]
[Round "5"]
[White "Guo, Emma"]
[Black "Tan, Peter"]
[Result "1-0"]
[PlyCount "31"]
[WhiteElo "1683"]
[BlackElo "1236"]

1. e4 c5 2. Nc3 Nc6 3. f4 g6 4. Nf3 Bg7 5. Bb5 a6 6. Bxc6 dxc6 7. O-O Nf6 8. d3
O-O 9. Qe1 Qc7 10. Qh4 Re8 11. f5 Qd7 12. e5 Nd5 13. Nxd5 cxd5 14. Ng5 h6 15.
Nxf7 Kxf7 16. e6+ 1-0

[Event "Freytag Checkmate Open"]
[Site "Adelaide"]
[Date "2008.07.06"]
[Round "5"]
[White "Griggs, James"]
[Black "Ivkovic, Novica"]
[Result "0-1"]
[PlyCount "68"]
[WhiteElo "1464"]
[BlackElo "1657"]

1. g3 f5 2. Bg2 Nf6 3. Nc3 e6 4. d3 c6 5. e4 Bb4 6. Bd2 O-O 7. Nge2 d5 8. a3
Ba5 9. O-O a6 10. Bg5 h6 11. Bd2 Bb6 12. e5 Nh7 13. Nf4 d4 14. Na4 c5 15. b4
Qc7 16. bxc5 Bxc5 17. Nxc5 Qxc5 18. Bb4 Qxe5 19. Bxf8 Nxf8 20. Re1 Qd6 21. Qh5
Nc6 22. Ng6 Bd7 23. Rab1 Be8 24. Rxb7 Bxg6 25. Qf3 Rc8 26. Rb6 Be8 27. Rxa6 Qc5
28. Qe2 Qb5 29. Bxc6 Qxa6 30. Bxe8 Rxe8 31. Qe5 Rd8 32. Ra1 Rd5 33. Qb8 Qa4 34.
Qb2 Rb5 0-1

[Event "Freytag Checkmate Open"]
[Site "Adelaide"]
[Date "2008.07.06"]
[Round "5"]
[White "Glasson, Benjamin"]
[Black "Hoile, Robert"]
[Result "0-1"]
[PlyCount "60"]
[WhiteElo "1589"]
[BlackElo "1860"]

1. e4 c5 2. Nf3 e6 3. d4 cxd4 4. Nxd4 Nc6 5. c4 Nf6 6. Nxc6 bxc6 7. Nc3 Bb4 8.
Bd2 O-O 9. Qf3 d5 10. O-O-O Bxc3 11. Bxc3 Nxe4 12. h4 Nxc3 13. Qxc3 Re8 14. f4
Bb7 15. Rh3 c5 16. Qf3 Rb8 17. Bd3 d4 18. Qh5 f5 19. g4 g6 20. Qh6 Qf6 21. h5
Be4 22. g5 Qg7 23. hxg6 hxg6 24. Bxe4 fxe4 25. Rdh1 e5 26. Qxg7+ Kxg7 27. Rh7+
Kf8 28. R1h6 exf4 29. Rxg6 e3 30. Rgg7 Re6 0-1

[Event "Freytag Checkmate Open"]
[Site "Adelaide"]
[Date "2008.07.06"]
[Round "5"]
[White "Dyer, Alastair"]
[Black "Obst, James"]
[Result "0-1"]
[PlyCount "53"]
[WhiteElo "1708"]
[BlackElo "2250"]

1. e4 e5 2. f4 Nc6 3. Nf3 f5 4. exf5 e4 5. Ne5 Nf6 6. d3 exd3 7. Bxd3 Bc5 8.
Nc3 Qe7 9. Ne4 Nxe5 10. fxe5 Nxe4 11. Qh5+ Kf8 12. Bxe4 Qxe5 13. Qe2 d5 14. Bd3
Qxe2+ 15. Kxe2 Kf7 16. Bf4 Re8+ 17. Kd2 Bb6 18. a4 a5 19. g4 Bd7 20. b3 Rac8
21. Rhe1 Rxe1 22. Rxe1 Re8 23. Rxe8 Bxe8 24. h4 Bd7 25. c4 c6 26. cxd5 cxd5 27.
Be2 0-1

[Event "Freytag Checkmate Open"]
[Site "Adelaide"]
[Date "2008.07.06"]
[Round "5"]
[White "Cloudsdale, Colin"]
[Black "Rigo, Bernard"]
[Result "1-0"]
[PlyCount "104"]
[WhiteElo "1991"]
[BlackElo "1820"]

1. e4 e5 2. Nf3 Nc6 3. Bb5 a6 4. Ba4 Nf6 5. O-O b5 6. Bb3 Bb7 7. Re1 Bc5 8. c3
d6 9. d4 Bb6 10. d5 Ne7 11. Be3 Bxe3 12. Rxe3 Ng4 13. Re1 Ng6 14. g3 Bc8 15.
Nbd2 h5 16. h4 Bd7 17. Nf1 O-O 18. Qd2 Qf6 19. Kg2 Rfd8 20. Rad1 Nf8 21. Ng5
Qe7 22. f3 Nh6 23. Nh3 f6 24. Ne3 Kh7 25. Bc2 g6 26. Kh2 Kg7 27. Rg1 Nh7 28. g4
hxg4 29. fxg4 Rh8 30. Nf5+ gxf5 31. gxf5+ Kf7 32. Qxh6 Qf8 33. Qg6+ Ke7 34. Rd2
Be8 35. Qg7+ Bf7 36. Bd1 Qxg7 37. Rxg7 Rag8 38. Rdg2 Kf8 39. R7g3 Rxg3 40. Rxg3
Rg8 41. Be2 Rxg3 42. Kxg3 Kg7 43. a4 Be8 44. axb5 axb5 45. Nf2 c6 46. dxc6 Bxc6
47. Kf3 Kf7 48. Ke3 Nf8 49. Bh5+ Kg7 50. Nd3 Bb7 51. Be8 Kh6 52. Nb4 Nh7 1-0

[Event "Freytag Checkmate Open"]
[Site "Adelaide"]
[Date "2008.07.06"]
[Round "5"]
[White "Christensen, Joshua"]
[Black "McKenzie, Mark"]
[Result "1-0"]
[PlyCount "64"]
[WhiteElo "1624"]
[BlackElo "1145"]

1. d4 d5 2. c4 e6 3. Nc3 c5 4. cxd5 exd5 5. Nf3 Nc6 6. e3 Nf6 7. Be2 Be7 8. O-O
O-O 9. a3 Bg4 10. dxc5 Bxc5 11. b4 Bb6 12. Na4 Bc7 13. Bb2 Ne7 14. Bxf6 gxf6
15. Qd4 Bxf3 16. Bxf3 Qd6 17. g3 Nf5 18. Qg4+ Ng7 19. Nc5 Rab8 20. Rfd1 f5 21.
Qh3 Rfd8 22. Rxd5 Qf6 23. Rad1 Rxd5 24. Rxd5 Rd8 25. Rxd8+ Bxd8 26. Nxb7 Bb6
27. Qf1 Qb2 28. Qd3 Qf6 29. Nd6 Qd8 30. Bd5 Kf8 31. Nxf7 Qf6 32. Bc4 Ne6 1-0

[Event "Freytag Checkmate Open"]
[Site "Adelaide"]
[Date "2008.07.06"]
[Round "5"]
[White "Antic, Dejan"]
[Black "Goldsmith, Alan"]
[Result "1-0"]
[PlyCount "57"]
[WhiteElo "2476"]
[BlackElo "2030"]

1. d4 Nf6 2. Nf3 g6 3. c4 Bg7 4. Nc3 d6 5. e4 O-O 6. Be2 e5 7. O-O Nc6 8. d5
Ne7 9. b4 Nh5 10. Re1 f5 11. Ng5 Nf4 12. Bxf4 exf4 13. Rc1 a5 14. b5 h6 15. Ne6
Bxe6 16. dxe6 Be5 17. Bf3 c6 18. exf5 Rxf5 19. Ne4 Qf8 20. Nxd6 Rd8 21. Nxf5
Nxf5 22. Qe2 Bf6 23. bxc6 bxc6 24. Bxc6 Qc5 25. Bd5 Ne7 26. Qg4 Rf8 27. Rcd1
Kg7 28. Qxf4 Bc3 29. Qe3 1-0

[Event "Freytag Checkmate Open"]
[Site "Adelaide"]
[Date "2008.07.17"]
[Round "4"]
[White "Oliver, Shannon"]
[Black "Lojanica, Milenko"]
[Result "0-1"]
[PlyCount "51"]
[WhiteElo "1799"]
[BlackElo "2016"]

1. e4 c5 2. Nf3 g6 3. c3 Bg7 4. d4 cxd4 5. cxd4 Nc6 6. Be3 d6 7. h3 Qa5+ 8. Nc3
Nf6 9. Qd2 O-O 10. Be2 a6 11. O-O b5 12. a3 Qd8 13. Bh6 Bb7 14. Bxg7 Kxg7 15.
b4 Rc8 16. Rac1 d5 17. e5 Ne4 18. Qe3 Nxc3 19. Rxc3 e6 20. Rfc1 h6 21. Qf4 Qe7
22. Qg4 Rc7 23. h4 Rfc8 24. R3c2 Nb8 25. Qf4 Rc6 26. Rxc6 0-1

[Event "Freytag Checkmate Open"]
[Site "Adelaide"]
[Date "2008.07.05"]
[Round "4"]
[White "Zulfic, Fedja"]
[Black "Rigo, Bernard"]
[Result "1/2-1/2"]
[PlyCount "33"]
[WhiteElo "1856"]
[BlackElo "1820"]

1. d4 d5 2. Nf3 Nf6 3. c4 dxc4 4. e3 e6 5. Bxc4 c5 6. O-O a6 7. dxc5 Qxd1 8.
Rxd1 Bxc5 9. a3 b5 10. Be2 Bb7 11. b4 Be7 12. Bb2 O-O 13. Nc3 Nbd7 14. Rd2 Nb6
15. Rad1 Rfd8 16. Kf1 Rxd2 17. Rxd2 1/2-1/2

[Event "Freytag Checkmate Open"]
[Site "Adelaide"]
[Date "2008.07.05"]
[Round "4"]
[White "Wedding, Robin"]
[Black "Christensen, Joshua"]
[Result "1-0"]
[PlyCount "27"]
[WhiteElo "1937"]
[BlackElo "1624"]

1. e4 d5 2. exd5 Qxd5 3. Nc3 Qa5 4. d4 c6 5. Nf3 Nf6 6. Ne5 Nbd7 7. Nc4 Qc7 8.
g3 b5 9. Bf4 Qd8 10. Ne5 Bb7 11. Bg2 Qb6 12. a4 a5 13. Qe2 b4 14. Nc4 1-0

[Event "Freytag Checkmate Open"]
[Site "Adelaide"]
[Date "2008.07.05"]
[Round "4"]
[White "Tao, Trevor"]
[Black "Antic, Dejan"]
[Result "1-0"]
[PlyCount "87"]
[WhiteElo "2375"]
[BlackElo "2476"]

1. g3 d5 2. Nf3 c5 3. Bg2 Nc6 4. d4 e6 5. O-O Qb6 6. dxc5 Bxc5 7. Nc3 Qd8 8. e4
d4 9. Ne2 e5 10. c4 Nge7 11. Ne1 Be6 12. Nd3 Bd6 13. b3 Qd7 14. f4 f6 15. Bd2
a6 16. Qc2 b5 17. c5 Bc7 18. fxe5 Bxe5 19. Nef4 O-O 20. a4 bxa4 21. Rxa4 a5 22.
Rfa1 Rab8 23. R1a3 Bc7 24. Nxe6 Qxe6 25. Nf4 Bxf4 26. gxf4 Rfd8 27. Bxa5 d3 28.
Qd2 Nxa5 29. Rxa5 Rxb3 30. Bf3 Nc6 31. Ra6 Rxa3 32. Rxa3 Qc4 33. Kg2 Qc2 34.
Qxc2 dxc2 35. Rc3 Rd2+ 36. Kg3 g5 37. e5 gxf4+ 38. Kxf4 Nxe5 39. Be4 Rxh2 40.
Bd5+ Kg7 41. c6 c1=Q+ 42. Rxc1 Nd3+ 43. Kg3 Rh5 44. c7 1-0

[Event "Freytag Checkmate Open"]
[Site "Adelaide"]
[Date "2008.07.05"]
[Round "4"]
[White "Stojic, Svetozar"]
[Black "Guo, Emma"]
[Result "1-0"]
[PlyCount "85"]
[WhiteElo "1836"]
[BlackElo "1683"]

1. e4 c5 2. Nf3 e6 3. d4 cxd4 4. Nxd4 a6 5. Nc3 Qc7 6. Be2 Nf6 7. O-O d6 8. f4
Be7 9. Be3 b5 10. Bf3 Bb7 11. a3 Nc6 12. Qe1 O-O 13. g4 Nxd4 14. Bxd4 e5 15.
Be3 d5 16. exd5 exf4 17. Bd4 Bc5 18. Qf2 Bxd4 19. Qxd4 Rad8 20. g5 Nd7 21. Bg2
Nb6 22. Rxf4 Nxd5 23. Nxd5 Bxd5 24. Bxd5 Rxd5 25. Qxd5 Qxf4 26. Rf1 Qe3+ 27.
Kg2 Qe2+ 28. Rf2 Qg4+ 29. Kf1 Qh3+ 30. Kg1 Qe3 31. Kg2 Qc1 32. c3 Qe3 33. h4
Qe7 34. h5 Rd8 35. Qf5 Qb7+ 36. Kg3 Qc7+ 37. Kh4 Qe7 38. Kg4 Qb7 39. g6 hxg6
40. hxg6 Rf8 41. b3 fxg6 42. Qe6+ Rf7 43. Qe8+ 1-0

[Event "Freytag Checkmate Open"]
[Site "Adelaide"]
[Date "2008.07.05"]
[Round "4"]
[White "Stojic, Dusan"]
[Black "Hams, Jeffrey"]
[Result "1/2-1/2"]
[PlyCount "85"]
[WhiteElo "2142"]
[BlackElo "1769"]

1. e4 Nf6 2. e5 Nd5 3. d4 d6 4. Nf3 dxe5 5. Nxe5 c6 6. c4 Nb4 7. Nd3 Nxd3+ 8.
Qxd3 Bg4 9. Nc3 e6 10. Be3 Nd7 11. Qd2 Bf5 12. Be2 Be7 13. O-O O-O 14. Rfd1 Nf6
15. Bf3 Bg4 16. Qe2 Bxf3 17. Qxf3 Qc7 18. Rac1 Qa5 19. Qe2 Rfe8 20. h3 Qf5 21.
Qd3 Qxd3 22. Rxd3 Rad8 23. Rcd1 b6 24. Kf1 h6 25. d5 cxd5 26. cxd5 exd5 27.
Nxd5 Nxd5 28. Rxd5 Rxd5 29. Rxd5 Rd8 30. Rxd8+ Bxd8 31. Ke2 Bf6 32. b3 Kf8 33.
Kd3 Ke7 34. Kc4 Kd6 35. Kb5 Kc7 36. Ka6 Kc6 37. Kxa7 b5 38. Kb8 b4 39. Kc8 h5
40. f3 Be7 41. Bd2 g5 42. Be3 f5 43. Kb8 1/2-1/2

[Event "Freytag Checkmate Open"]
[Site "Adelaide"]
[Date "2008.07.05"]
[Round "4"]
[White "Staak, Eric"]
[Black "Brown, Andrew"]
[Result "0-1"]
[PlyCount "60"]
[WhiteElo "1496"]
[BlackElo "1925"]

1. e4 c5 2. Nf3 Nc6 3. d3 g6 4. g3 Bg7 5. c3 e5 6. Bg2 Nge7 7. O-O O-O 8. a4 b6
9. Nbd2 Bb7 10. Nh4 d5 11. Qe2 d4 12. f4 Qd7 13. f5 f6 14. c4 Nb4 15. b3 Nc2
16. Ra2 Ne3 17. fxg6 hxg6 18. Rf2 f5 19. Bh3 Qc6 20. Nf1 fxe4 21. Rxf8+ Rxf8
22. Bxe3 exd3 23. Qg2 Rxf1+ 24. Kxf1 dxe3 25. Qxc6 Bxc6 26. Ke1 e4 27. a5 e2
28. axb6 Bc3+ 29. Rd2 e3 30. Be6+ Kg7 0-1

[Event "Freytag Checkmate Open"]
[Site "Adelaide"]
[Date "2008.07.05"]
[Round "4"]
[White "Smerdon, David"]
[Black "Rujevic, Mirko"]
[Result "1-0"]
[PlyCount "77"]
[WhiteElo "2463"]
[BlackElo "2207"]

1. e4 e5 2. Nf3 Nc6 3. Nc3 Nf6 4. d4 Bb4 5. Nxe5 Qe7 6. Nxc6 Qxe4+ 7. Be2 dxc6
8. O-O Qh4 9. Bf3 Be6 10. g3 Qh3 11. Bg2 Qf5 12. a3 Bd6 13. Re1 O-O-O 14. Ne4
Nxe4 15. Bxe4 Qf6 16. c3 h6 17. Qa4 a6 18. b4 Bc4 19. Qc2 Rde8 20. a4 g6 21.
Bd2 Bd5 22. c4 Bxe4 23. Rxe4 Rxe4 24. Qxe4 Kd7 25. c5 Bf8 26. Re1 Bg7 27. Bf4
Qe6 28. Qb1 Qd5 29. Be5 Bxe5 30. dxe5 Kc8 31. e6 Re8 32. e7 Qd7 33. Qe4 f5 34.
Qe5 g5 35. Qf6 f4 36. Qxh6 Qf5 37. Qh5 Kd7 38. Rd1+ Kxe7 39. Re1+ 1-0

[Event "Freytag Checkmate Open"]
[Site "Adelaide"]
[Date "2008.07.05"]
[Round "4"]
[White "Obst, James"]
[Black "Stevens, Tristan"]
[Result "1-0"]
[PlyCount "65"]
[WhiteElo "2250"]
[BlackElo "1965"]

1. e3 e5 2. e4 Nf6 3. Nf3 Nc6 4. Bb5 d6 5. d4 exd4 6. Qxd4 Be7 7. e5 Ng4 8.
exd6 Qxd6 9. Qxd6 Bxd6 10. h3 Ne5 11. Nxe5 Bxe5 12. O-O O-O 13. Re1 Bf6 14.
Bxc6 bxc6 15. c3 Bf5 16. Bf4 Rab8 17. b3 Rfe8 18. Be3 Re6 19. Rc1 Rd8 20. Bxa7
Bg5 21. Rf1 Re2 22. Bd4 Rd5 23. Na3 Ra5 24. Rfe1 Rxe1+ 25. Rxe1 h6 26. Re5 Rxa3
27. Rxf5 Rxa2 28. Rc5 Ra6 29. b4 Bf4 30. g3 Bd6 31. Ra5 c5 32. Rxa6 cxd4 33.
Rxd6 1-0

[Event "Freytag Checkmate Open"]
[Site "Adelaide"]
[Date "2008.07.05"]
[Round "4"]
[White "Nguyen, Thu Giang"]
[Black "Xie, George"]
[Result "0-1"]
[PlyCount "46"]
[WhiteElo "2121"]
[BlackElo "2449"]

1. e4 d5 2. exd5 Qxd5 3. Nf3 Qd6 4. d4 Nf6 5. Nc3 a6 6. Bc4 e6 7. O-O Be7 8. a4
O-O 9. Re1 Nbd7 10. a5 b5 11. axb6 Nxb6 12. Bb3 Bb7 13. Ng5 c5 14. dxc5 Qxd1
15. Nxd1 Bxc5 16. Be3 Nbd7 17. Nf3 Bxf3 18. gxf3 Rfd8 19. Nc3 Bb4 20. Bd4 a5
21. Re3 e5 22. Bxe5 Nxe5 23. Rxe5 Rd2 0-1

[Event "Freytag Checkmate Open"]
[Site "Adelaide"]
[Date "2008.07.05"]
[Round "4"]
[White "Milton, Anthony W"]
[Black "Glasson, Benjamin"]
[Result "0-1"]
[PlyCount "68"]
[WhiteElo "1548"]
[BlackElo "1589"]

1. d4 Nf6 2. c4 c5 3. d5 b5 4. cxb5 a6 5. bxa6 Bxa6 6. g3 d6 7. Bg2 Nbd7 8. Nc3
g6 9. Nf3 Bg7 10. O-O Qb6 11. Re1 O-O 12. e4 Rfb8 13. Qc2 Ng4 14. Bh3 Nge5 15.
Nxe5 Nxe5 16. Re3 c4 17. Bf1 Nd3 18. Bxd3 cxd3 19. Qd2 Rc8 20. Rf3 Rf8 21. Rb1
Rac8 22. Na4 Qb5 23. b3 Rc2 24. Qg5 d2 25. Bxd2 Qe2 26. Qe3 Rxd2 27. Qxe2 Rxe2
28. a3 Rc8 29. b4 Bb5 30. Nb6 Rcc2 31. Rd1 Bd4 32. Rxd4 Re1+ 33. Kg2 Bf1+ 34.
Kg1 Bh3# 0-1

[Event "Freytag Checkmate Open"]
[Site "Adelaide"]
[Date "2008.07.05"]
[Round "4"]
[White "Mdinaradze, Edgar"]
[Black "Scott, Ronald"]
[Result "1-0"]
[PlyCount "73"]
[WhiteElo "1975"]
[BlackElo "2241"]

1. d4 c5 2. d5 Nf6 3. c4 e6 4. Nc3 exd5 5. cxd5 d6 6. h3 g6 7. Nf3 Bg7 8. e3
O-O 9. Bd3 Na6 10. O-O Nc7 11. Bc4 Re8 12. Re1 a6 13. a4 b6 14. e4 Nd7 15. Bf4
Ne5 16. Nxe5 Rxe5 17. Bh2 Rb8 18. f4 Re8 19. e5 f5 20. Qd3 Qd7 21. Qd2 Bb7 22.
Qe3 Bc8 23. Rad1 b5 24. axb5 Nxb5 25. Kh1 Kh8 26. Rd3 h6 27. e6 Qb7 28. Rd2 Nd4
29. Nd1 a5 30. Bg1 Qe7 31. Bf2 Rf8 32. g4 Bb7 33. Kg1 g5 34. fxg5 Qxg5 35. e7
Rfe8 36. h4 Qf6 37. g5 1-0

[Event "Freytag Checkmate Open"]
[Site "Adelaide"]
[Date "2008.07.05"]
[Round "4"]
[White "McKenzie, Mark"]
[Black "Hoff, Michael"]
[Result "1-0"]
[PlyCount "60"]
[WhiteElo "1145"]
[BlackElo "1840"]

1. e4 Nf6 2. e5 Nd5 3. d4 d6 4. c4 Nb6 5. Nf3 g6 6. Nc3 dxe5 7. dxe5 Qxd1+ 8.
Nxd1 Nc6 9. Bf4 Bg7 10. Ne3 O-O 11. O-O-O Be6 12. b3 Nd7 13. Rxd7 Bxd7 14. Be2
a5 15. Rd1 Be6 16. Ng5 a4 17. Nxe6 fxe6 18. Bg3 axb3 19. axb3 Nxe5 20. Nc2 Ra2
21. f4 Nc6 22. Rd7 Na5 23. Nd4 Bxd4 24. Bd1 c5 25. Bc2 Bc3 26. h3 Nc6 27. Rd3
Bd4 28. Kd2 Nb4 29. Rxd4 Rxc2+ 30. Kd1 cxd4 1-0

[Event "Freytag Checkmate Open"]
[Site "Adelaide"]
[Date "2008.07.05"]
[Round "4"]
[White "Kerr, Bill"]
[Black "Szuveges, Narelle S"]
[Result "1-0"]
[PlyCount "59"]
[WhiteElo "1937"]
[BlackElo "1711"]

1. Nf3 c5 2. g3 d6 3. Bg2 Nf6 4. d3 g6 5. O-O Bg7 6. Nbd2 Nc6 7. e4 O-O 8. Nh4
Qc7 9. c3 b6 10. Nc4 Bb7 11. f4 b5 12. Ne3 b4 13. Nc4 bxc3 14. bxc3 Nd7 15. Bb2
Rab8 16. Rf2 Ba8 17. Rc1 Na5 18. Ne3 Nb6 19. f5 g5 20. f6 Bxf6 21. Rxf6 exf6
22. c4 Nd7 23. Bc3 gxh4 24. Bh3 Ne5 25. Qh5 Qd8 26. Bf5 Ng6 27. Ng4 Kg7 28.
Qh6+ Kh8 29. Nxf6 Nc6 30. Qxh7# 1-0

[Event "Freytag Checkmate Open"]
[Site "Adelaide"]
[Date "2008.07.05"]
[Round "4"]
[White "Johansen, Darryl K"]
[Black "Oliver, Gareth"]
[Result "1-0"]
[PlyCount "39"]
[WhiteElo "2423"]
[BlackElo "2160"]

1. c4 Nf6 2. Nc3 g6 3. d4 Bg7 4. e4 d6 5. h3 O-O 6. Bg5 Qe8 7. Nf3 e5 8. dxe5
dxe5 9. Nd5 Nxd5 10. cxd5 f5 11. Be3 Qe7 12. Rc1 b6 13. d6 cxd6 14. Qd5+ Be6
15. Qxa8 fxe4 16. Qxe4 d5 17. Qa4 d4 18. Bg5 Bf6 19. Bxf6 Qxf6 20. Bc4 1-0

[Event "Freytag Checkmate Open"]
[Site "Adelaide"]
[Date "2008.07.05"]
[Round "4"]
[White "Jelic, Mato"]
[Black "Saint, Andrew"]
[Result "1/2-1/2"]
[PlyCount "67"]
[WhiteElo "1741"]
[BlackElo "1922"]

1. c4 e5 2. g3 f5 3. Bg2 Nf6 4. Nc3 Nc6 5. e3 g6 6. Nge2 Bg7 7. O-O O-O 8. Rb1
a5 9. a3 e4 10. d3 exd3 11. Qxd3 Ne5 12. Qd4 d6 13. c5 Nf7 14. Rd1 Ne4 15. Qc4
Nxc5 16. b4 axb4 17. axb4 Be6 18. Nd5 Ne5 19. Qc2 Na6 20. Nef4 Bf7 21. Bd2 c6
22. Nc3 d5 23. b5 Nc7 24. bxc6 bxc6 25. Na4 Nc4 26. Bb4 Re8 27. Bf1 Ne5 28. Nc5
Ne6 29. Ncxe6 Bxe6 30. Bc3 Bd7 31. Rb7 Rb8 32. Rdb1 Rxb7 33. Rxb7 Qa8 34. Qb3
1/2-1/2